[Event "World Rapid Final"]
[Site "Astana KAZ"]
[Date "2012.07.07"]
[Round "6"]
[White "Radjabov, Teimour"]
[Black "Grischuk, Alexander"]
[Result "1-0"]
[WhiteTitle "GM"]
[BlackTitle "GM"]
[WhiteElo "2788"]
[BlackElo "2763"]
[WhiteFideId "13400924"]
[BlackFideId "4126025"]
[EventDate "2012.07.01"]

1. Nf3 Nf6 2. b3 g6 3. Bb2 Bg7 4. g3 c5 5. c4 b6 6. Bg2 Bb7 7. O-O O-O 8. Nc3
Na6 9. d4 d5 10. Ne5 e6 11. e3 Ne4 12. Qe2 Nxc3 13. Bxc3 cxd4 14. exd4 Rc8 15.
Rac1 Nb8 16. Rfd1 Nd7 17. Bb4 Re8 18. Qe3 Ba8 19. h4 dxc4 20. Bxa8 Rxa8 21. bxc4
Qc7 22. Ng4 Nf6 23. Nxf6+ Bxf6 24. Qf3 Be7 25. Bd2 Rad8 26. Bf4 Bd6 27. Bg5 Be7
28. Bf4 Bd6 29. Be3 Bf8 30. h5 Rd7 31. Kg2 Qb7 32. d5 e5 33. hxg6 hxg6 34. Bg5
f5 35. Rh1 b5 36. Rb1 Qc7 37. cxb5 Qc4 38. Bh6 Qxd5 39. Qxd5+ Rxd5 40. Bxf8 Rxf8
41. a4 Rfd8 42. Rhc1 Kg7 43. Rc7+ R8d7 44. Rxd7+ Rxd7 45. a5 Kf6 46. Kf3 e4+ 47.
Ke3 Rd3+ 48. Ke2 Rd7 49. b6 axb6 50. axb6 Rb7 51. Ke3 Ke5 52. Rb5+ Ke6 53. g4
fxg4 54. Kxe4 Kd6 55. Kf4 Kc6 56. Rb2 Rf7+ 57. Kxg4 Kb7 58. Kg5 Rf3 59. Kxg6 Rf8
60. Kg5 Rg8+ 61. Kf4 Rf8+ 62. Kg3 Rg8+ 63. Kf3 Rf8+ 64. Ke2 Re8+ 65. Kf1 Rf8 66.
Rb4 1-0

[Event "World Rapid Final"]
[Site "Astana KAZ"]
[Date "2012.07.07"]
[Round "6"]
[White "Kazhgaleyev, Murtas"]
[Black "Ismagambetov, Anuar"]
[Result "1-0"]
[WhiteTitle "GM"]
[BlackTitle "GM"]
[WhiteElo "2589"]
[BlackElo "2471"]
[WhiteFideId "13700316"]
[BlackFideId "13701525"]
[EventDate "2012.07.01"]

1. d4 d5 2. c4 dxc4 3. Nf3 a6 4. e3 b5 5. a4 Bb7 6. b3 e6 7. bxc4 bxc4 8. Bxc4
Nd7 9. Nbd2 Ngf6 10. Rb1 Ra7 11. O-O Be7 12. Ne5 Qa8 13. f3 O-O 14. a5 Nxe5 15.
dxe5 Nd5 16. Rb3 Bc6 17. Qe1 Rb7 18. Kh1 Rfb8 19. e4 Nb4 20. Rc3 Bb5 21. f4 Bxc4
22. Nxc4 Na2 23. Rc2 Nb4 24. Rd2 Rb5 25. Ba3 Rd8 26. Rxd8+ Qxd8 27. Qe2 g6 28.
f5 Nc6 29. Rd1 Qe8 30. Bxe7 Qxe7 31. f6 Qe8 32. Qd2 Rc5 33. Qd3 h5 34. h3 Nxa5
35. Qe3 Qf8 36. Nxa5 Rxa5 37. Qc3 Rc5 38. Qd4 Rb5 39. Qd8 Qxd8 40. Rxd8+ Kh7 41.
Rd7 Rxe5 42. Rxf7+ Kh6 43. Rf8 Kh7 44. Re8 1-0

[Event "World Rapid Final"]
[Site "Astana KAZ"]
[Date "2012.07.07"]
[Round "6"]
[White "Svidler, Peter"]
[Black "Tkachiev, Vladislav"]
[Result "1/2-1/2"]
[WhiteTitle "GM"]
[BlackTitle "GM"]
[WhiteElo "2749"]
[BlackElo "2644"]
[WhiteFideId "4102142"]
[BlackFideId "618438"]
[EventDate "2012.07.01"]

1. e4 e6 2. d4 d5 3. Nc3 Bb4 4. e5 c5 5. a3 Ba5 6. b4 cxd4 7. Nb5 Bc7 8. f4 Bd7
9. Nxc7+ Qxc7 10. Bd3 Ba4 11. Bb2 Nc6 12. Nf3 Nge7 13. O-O Qb6 14. Qe2 Bb5 15.
Kh1 a6 16. Rfd1 Bxd3 17. Qxd3 O-O 18. Nxd4 Rfc8 19. Rac1 Nxd4 20. Bxd4 Qc7 21.
Bc5 b6 22. Bxe7 Qxe7 23. c4 dxc4 24. Rxc4 Rxc4 25. Qxc4 Rd8 26. Rxd8+ Qxd8 27.
h3 a5 28. bxa5 bxa5 29. a4 h5 30. Kh2 Qd2 31. h4 g6 32. Kh3 Kg7 33. g3 Qf2 34.
Qe4 Qg1 35. Qc6 Kg8 36. Qa8+ Kg7 37. Qc6 Kg8 38. Qa8+ Kg7 39. Qc6 1/2-1/2

[Event "World Rapid Final"]
[Site "Astana KAZ"]
[Date "2012.07.07"]
[Round "6"]
[White "Kurnosov, Igor"]
[Black "Gelfand, Boris"]
[Result "1-0"]
[WhiteTitle "GM"]
[BlackTitle "GM"]
[WhiteElo "2663"]
[BlackElo "2738"]
[WhiteFideId "4142527"]
[BlackFideId "2805677"]
[EventDate "2012.07.01"]

1. e4 e5 2. Nf3 Nf6 3. Nxe5 d6 4. Nf3 Nxe4 5. d4 d5 6. Bd3 Be7 7. O-O Nc6 8. Nc3
Nxc3 9. bxc3 Bg4 10. Re1 O-O 11. Bf4 Bd6 12. Bxd6 Bxf3 13. Qxf3 Qxd6 14. Re3
Rae8 15. Rae1 Re7 16. Rxe7 Nxe7 17. h4 Ng6 18. g3 Rd8 19. h5 Nf8 20. c4 c6 21.
c5 Qc7 22. h6 Ng6 23. Kg2 gxh6 24. Qe3 Rf8 25. Qxh6 f5 26. Re6 Qf7 27. Rd6 Qg7
28. Qxg7+ Kxg7 29. Rd7+ Kh6 30. f4 Rb8 31. Bxf5 b6 32. Rxa7 bxc5 33. dxc5 Rb5
34. Kf3 Rxc5 35. Bd3 1-0

[Event "World Rapid Final"]
[Site "Astana KAZ"]
[Date "2012.07.07"]
[Round "7"]
[White "Tkachiev, Vladislav"]
[Black "Kurnosov, Igor"]
[Result "1/2-1/2"]
[WhiteTitle "GM"]
[BlackTitle "GM"]
[WhiteElo "2644"]
[BlackElo "2663"]
[WhiteFideId "618438"]
[BlackFideId "4142527"]
[EventDate "2012.07.01"]

1. Nf3 c5 2. c4 g6 3. d4 cxd4 4. Nxd4 Nc6 5. e4 Nf6 6. Nc3 Nxd4 7. Qxd4 d6 8.
Bg5 Bg7 9. Be2 O-O 10. Qd2 Be6 11. O-O Qa5 12. Rab1 Rfc8 13. Rfc1 Bxc4 14. Nd5
Qxd2 15. Nxe7+ Kf8 16. Bxd2 Kxe7 17. Rxc4 Rxc4 18. Bxc4 Rc8 19. Bb3 Nd7 20. Rc1
Rc5 21. Be3 Bd4 22. Rxc5 dxc5 23. Bxd4 cxd4 24. Kf1 Nc5 25. Bd5 Na4 26. Bxb7
Nxb2 27. Bd5 Nd3 28. g3 g5 29. Ke2 Nc5 30. f4 f6 31. fxg5 fxg5 32. e5 h6 33. Kf3
a5 34. h3 Kd7 35. Kg4 Ke7 36. Kf3 Kd7 37. h4 gxh4 38. gxh4 Ke7 39. Kf4 d3 40.
Ke3 Nd7 41. Kxd3 Nxe5+ 42. Ke4 Kf6 43. Bb3 h5 44. Kd5 Ng6 45. Kc5 Nxh4 46. Kb5
Nf5 47. Kxa5 Ne3 48. Ba4 h4 49. Bc6 Ke5 50. Bh1 h3 51. a4 Nd5 52. Kb5 Nc3+ 53.
Kb4 Nxa4 54. Kxa4 1/2-1/2

[Event "World Rapid Final"]
[Site "Astana KAZ"]
[Date "2012.07.07"]
[Round "7"]
[White "Ismagambetov, Anuar"]
[Black "Svidler, Peter"]
[Result "0-1"]
[WhiteTitle "GM"]
[BlackTitle "GM"]
[WhiteElo "2471"]
[BlackElo "2749"]
[WhiteFideId "13701525"]
[BlackFideId "4102142"]
[EventDate "2012.07.01"]

1. e4 c5 2. Nf3 e6 3. d4 cxd4 4. Nxd4 a6 5. Bd3 Bc5 6. Nb3 Be7 7. Be3 d6 8. Qe2
Nd7 9. N1d2 Qc7 10. O-O-O Ngf6 11. Kb1 b5 12. f4 Bb7 13. g4 Nc5 14. Nxc5 dxc5
15. g5 Nd7 16. c4 O-O 17. h4 Nb6 18. Bc2 Nxc4 19. Nxc4 bxc4 20. Qxc4 Rab8 21. h5
Bc6 22. g6 Rb4 23. gxf7+ Kxf7 24. Qc3 Rfb8 25. Rhg1 Rxb2+ 26. Ka1 Bf8 27. Bb3
R2xb3 28. axb3 Bxe4 29. f5 Bxf5 30. Rgf1 Rb4 31. Qd3 Qe5+ 32. Ka2 c4 33. Qd7+
Kg8 34. Rxf5 Qxf5 0-1

[Event "World Rapid Final"]
[Site "Astana KAZ"]
[Date "2012.07.07"]
[Round "7"]
[White "Grischuk, Alexander"]
[Black "Kazhgaleyev, Murtas"]
[Result "1-0"]
[WhiteTitle "GM"]
[BlackTitle "GM"]
[WhiteElo "2763"]
[BlackElo "2589"]
[WhiteFideId "4126025"]
[BlackFideId "13700316"]
[EventDate "2012.07.01"]

1. e4 d6 2. Nc3 e5 3. Bc4 Nc6 4. f4 exf4 5. d4 Qh4+ 6. Kf1 Bg4 7. Qd3 g5 8. Nd5
O-O-O 9. Bd2 Bg7 10. c3 Nce7 11. Nxe7+ Nxe7 12. Bxf7 Rhf8 13. Nf3 Qh6 14. Bb3 d5
15. Re1 Kb8 16. Kg1 c5 17. exd5 Nxd5 18. Bxd5 Rxd5 19. h4 cxd4 20. hxg5 Qb6 21.
c4 Rd7 22. Rh4 Bf5 23. Qb3 d3+ 24. Qxb6 axb6 25. Rxf4 Rdf7 26. Ne5 Bxe5 27. Rxe5
Bg6 28. g3 Kc7 29. Kf2 Rd8 30. Re6 Rxf4+ 31. gxf4 Ra8 32. a3 Re8 33. Rxe8 Bxe8
34. Ke3 Bg6 35. Kd4 Kd6 36. Be3 Bf5 37. b3 Bg6 38. a4 Bf5 39. Kc3 Kc6 40. Bd4
Bg6 41. Bf6 Bf5 42. Bd8 Bg6 43. b4 Bf7 44. Kxd3 1-0

[Event "World Rapid Final"]
[Site "Astana KAZ"]
[Date "2012.07.07"]
[Round "7"]
[White "Topalov, Veselin"]
[Black "Radjabov, Teimour"]
[Result "1-0"]
[WhiteTitle "GM"]
[BlackTitle "GM"]
[WhiteElo "2752"]
[BlackElo "2788"]
[WhiteFideId "2900084"]
[BlackFideId "13400924"]
[EventDate "2012.07.01"]

1. d4 Nf6 2. c4 g6 3. Nc3 Bg7 4. e4 d6 5. Nf3 O-O 6. Be2 e5 7. O-O exd4 8. Nxd4
Re8 9. f3 c6 10. Kh1 Nh5 11. g4 Nf6 12. Bf4 h5 13. g5 Nh7 14. Qd2 Qe7 15. Rad1
Nd7 16. Rg1 Ne5 17. Nc2 Be6 18. Ne3 Rad8 19. Qe1 a6 20. Qg3 Bc8 21. h4 b5 22.
cxb5 axb5 23. a3 Nf8 24. Qh2 Ne6 25. Bg3 Nc5 26. Qg2 Be6 27. b4 Nb3 28. Be1 Qa7
29. Nc2 Nc4 30. f4 Nxa3 31. Nxa3 Qxa3 32. f5 Bc4 33. Bxh5 gxh5 34. f6 Bh8 35. g6
Bxf6 36. Nd5 Bxd5 37. exd5 Qb2 38. gxf7+ Kf8 39. Qg8+ Ke7 40. f8=Q+ 1-0

[Event "World Rapid Final"]
[Site "Astana KAZ"]
[Date "2012.07.07"]
[Round "7"]
[White "Morozevich, Alexander"]
[Black "Ivanchuk, Vassily"]
[Result "1/2-1/2"]
[WhiteTitle "GM"]
[BlackTitle "GM"]
[WhiteElo "2770"]
[BlackElo "2769"]
[WhiteFideId "4116992"]
[BlackFideId "14100010"]
[EventDate "2012.07.01"]

1. e4 e5 2. Nf3 Nc6 3. d4 exd4 4. Nxd4 Qf6 5. Be3 Bc5 6. c3 Nge7 7. Bc4 Ne5 8.
Be2 Qg6 9. O-O d6 10. f3 O-O 11. Kh1 f5 12. exf5 Bxf5 13. Nd2 Kh8 14. f4 Nd5 15.
Nxf5 Rxf5 16. Bxc5 dxc5 17. g3 Ne3 18. Qb1 Nxf1 19. Bxf1 Ng4 20. Nf3 Qh5 21. Qc2
Ne3 22. Qf2 Nxf1 23. Rxf1 Re8 24. c4 h6 25. b3 a5 26. Kg1 Qf7 27. Re1 Rxe1+ 28.
Qxe1 b6 29. Qe4 Rf6 30. Ne5 Qe6 31. Qb7 Qd6 32. h4 h5 33. Kg2 Kh7 34. Nf3 g6 35.
Ne5 Kg7 36. Kh3 Re6 37. Qc8 Re7 38. Kg2 Qd2+ 39. Kh3 Qd1 40. Kg2 Qc2+ 41. Kf3
Qf5 42. Qd8 Qe6 43. Kg2 Qd6 44. Qc8 Kh7 45. Qf8 Qe6 46. Qd8 Qd6 47. Qf8 Qe6 48.
Qd8 Kg7 49. Kh2 Qd6 50. Qc8 Qd2+ 51. Kh3 Qd1 52. Kg2 Qe2+ 53. Kh3 Qf1+ 54. Kh2
Qf2+ 55. Kh3 Qg1 56. Qb7 Kf6 57. Qe4 Rg7 58. g4 hxg4+ 59. Nxg4+ Kf7 60. Qd5+ Ke7
61. Qe5+ Kf8 62. Qf6+ Rf7 63. Qh8+ Ke7 64. Qe5+ Kd8 65. Qh8+ Ke7 66. Qe5+ Kf8
67. Qh8+ Ke7 1/2-1/2

[Event "World Rapid Final"]
[Site "Astana KAZ"]
[Date "2012.07.07"]
[Round "7"]
[White "Bologan, Viktor"]
[Black "Karjakin, Sergey"]
[Result "0-1"]
[WhiteTitle "GM"]
[BlackTitle "GM"]
[WhiteElo "2732"]
[BlackElo "2779"]
[WhiteFideId "13900048"]
[BlackFideId "14109603"]
[EventDate "2012.07.01"]

1. e4 e5 2. Nf3 Nc6 3. Bb5 a6 4. Ba4 Nf6 5. O-O Be7 6. Re1 b5 7. Bb3 O-O 8. h3
Bb7 9. d3 d5 10. exd5 Nxd5 11. a4 Nd4 12. Nbd2 Nxb3 13. Nxb3 f6 14. Na5 Qc8 15.
Nxb7 Qxb7 16. Nh4 Rfe8 17. Nf5 Bf8 18. h4 Rad8 19. axb5 axb5 20. Qg4 c5 21. Bd2
Kh8 22. h5 Qd7 23. Qf3 Nf4 24. Ng3 Ne6 25. h6 Nd4 26. hxg7+ Bxg7 27. Qd1 f5 28.
Be3 Rf8 29. Nh5 Ne6 30. Ra6 Rg8 31. Bd2 b4 32. g3 Nd4 33. c3 Qb7 34. cxd4 Qxa6
35. Qf3 e4 36. dxe4 fxe4 37. Rxe4 Bxd4 38. Be3 Rdf8 39. Bxd4+ cxd4 40. Qd1 d3
41. Rxb4 Qa5 42. Ra4 Qc5 43. Rf4 Rd8 44. b4 Qe5 45. Nf6 d2 46. Kh2 Rg6 47. Ng4
Rxg4 48. Rxg4 Qh5+ 0-1

[Event "World Rapid Final"]
[Site "Astana KAZ"]
[Date "2012.07.07"]
[Round "7"]
[White "Dreev, Aleksey"]
[Black "Mamedyarov, Shakhriyar"]
[Result "1/2-1/2"]
[WhiteTitle "GM"]
[BlackTitle "GM"]
[WhiteElo "2677"]
[BlackElo "2726"]
[WhiteFideId "4100107"]
[BlackFideId "13401319"]
[EventDate "2012.07.01"]

1. d4 d5 2. c4 c6 3. Nc3 Nf6 4. cxd5 cxd5 5. Bf4 Nc6 6. e3 a6 7. Nf3 Bg4 8. h3
Bxf3 9. Qxf3 e6 10. Bd3 Bd6 11. Bg5 Be7 12. O-O h6 13. Bxf6 Bxf6 14. Rfc1 O-O
15. a3 Rc8 16. Qd1 Be7 17. Na4 Bd6 18. Nc5 Bxc5 19. Rxc5 Ne7 20. Rac1 Rxc5 21.
Rxc5 Qd7 22. Qc2 Rc8 23. Kf1 a5 24. Ke2 b6 25. Rc3 Kf8 26. Kd2 Ke8 27. Bb5 Qxb5
28. Rxc8+ Nxc8 29. Qxc8+ Ke7 30. Qc7+ Ke8 31. Qc8+ Ke7 32. Qc7+ Ke8 33. Qc8+ Ke7 1/2-1/2

[Event "World Rapid Final"]
[Site "Astana KAZ"]
[Date "2012.07.07"]
[Round "8"]
[White "Carlsen, Magnus"]
[Black "Mamedyarov, Shakhriyar"]
[Result "1-0"]
[WhiteTitle "GM"]
[BlackTitle "GM"]
[WhiteElo "2837"]
[BlackElo "2726"]
[WhiteFideId "1503014"]
[BlackFideId "13401319"]
[EventDate "2012.07.01"]

1. e4 e5 2. Nf3 Nc6 3. Bb5 a6 4. Ba4 d6 5. c3 Bd7 6. d4 g6 7. O-O Bg7 8. d5 Nce7
9. Bxd7+ Qxd7 10. Be3 h6 11. Nfd2 f5 12. f3 Nf6 13. c4 O-O 14. Nc3 g5 15. c5 Ng6
16. exf5 Qxf5 17. Nde4 Nxe4 18. fxe4 Qxf1+ 19. Qxf1 Rxf1+ 20. Rxf1 dxc5 21. Bxc5
Bf8 22. Be3 Bd6 23. Ne2 Rf8 24. Rc1 Ne7 25. Ng3 b6 26. Nf1 Kf7 27. Nd2 Ke8 28.
Rf1 Rxf1+ 29. Kxf1 Kf7 30. Ke2 b5 31. Nb3 c6 32. Bc5 Bxc5 33. Nxc5 cxd5 34. Nxa6
dxe4 35. Nc7 Nf5 36. Kd2 Nh4 37. Nxb5 Nxg2 38. a4 Ke7 39. a5 Kd7 40. Nc3 e3+ 41.
Ke2 g4 42. b4 h5 43. a6 Kc6 44. b5+ Kb6 45. Nd5+ Ka7 46. Nf6 Kb6 47. Nd7+ Ka7
48. Nxe5 Nf4+ 49. Kxe3 Ne6 50. Nc6+ Kb6 51. Nd4 Nc7 52. Kf4 Kc5 53. Kg5 Kxd4 54.
Kxh5 Nxb5 55. Kxg4 Nc7 56. a7 Kc5 57. h4 Kd6 58. Kf5 Ke7 59. Kg6 Kf8 60. Kf6 Ke8
61. Kg7 1-0

[Event "World Rapid Final"]
[Site "Astana KAZ"]
[Date "2012.07.07"]
[Round "8"]
[White "Karjakin, Sergey"]
[Black "Dreev, Aleksey"]
[Result "1-0"]
[WhiteTitle "GM"]
[BlackTitle "GM"]
[WhiteElo "2779"]
[BlackElo "2677"]
[WhiteFideId "14109603"]
[BlackFideId "4100107"]
[EventDate "2012.07.01"]

1. e4 c6 2. d4 d5 3. e5 Bf5 4. Nf3 e6 5. Be2 Ne7 6. O-O h6 7. Nbd2 Nd7 8. Nb3
Bh7 9. a4 Nc8 10. Ne1 Be7 11. Bd3 Bxd3 12. Nxd3 Ncb6 13. f4 Nc4 14. f5 exf5 15.
Rxf5 g6 16. Rf3 Nf8 17. Qf1 Rh7 18. Nbc5 b6 19. b3 bxc5 20. bxc4 Ne6 21. cxd5
Qxd5 22. dxc5 Rd8 23. Be3 Qc4 24. Qf2 Bg5 25. a5 Qb5 26. h4 Bxe3 27. Rxe3 Qc4
28. Rb1 Qd4 29. Kh2 h5 30. Rb4 Qa1 31. Rf3 Nd4 32. Rf6 Nf5 33. Rb7 Rxd3 34. Rxf5
gxf5 35. cxd3 Qxe5+ 36. Qg3 Qxg3+ 37. Kxg3 Rg7+ 38. Kf3 Rg4 39. Rxa7 Rxh4 40. a6
Ra4 41. Ra8+ Ke7 42. a7 Ra3 1-0

[Event "World Rapid Final"]
[Site "Astana KAZ"]
[Date "2012.07.07"]
[Round "8"]
[White "Radjabov, Teimour"]
[Black "Morozevich, Alexander"]
[Result "1/2-1/2"]
[WhiteTitle "GM"]
[BlackTitle "GM"]
[WhiteElo "2788"]
[BlackElo "2770"]
[WhiteFideId "13400924"]
[BlackFideId "4116992"]
[EventDate "2012.07.01"]

1. Nf3 d5 2. d4 Nf6 3. c4 c6 4. e3 a6 5. Bd3 Bg4 6. Nbd2 e6 7. b3 Be7 8. Bb2 O-O
9. Qc2 dxc4 10. bxc4 c5 11. Ne5 Bh5 12. dxc5 Qc7 13. Nb3 a5 14. g4 Bg6 15. g5
Bxd3 16. Nxd3 Ne8 17. h4 Nd7 18. a4 e5 19. Ke2 f6 20. g6 hxg6 21. Rag1 Qc6 22.
h5 g5 23. h6 Kf7 24. Nd2 g6 25. h7 Rh8 26. Rh6 Ng7 27. Rxg6 Ne6 28. Rh6 Bf8 29.
Rh3 Re8 30. Kf1 e4 31. Nxe4 Qxe4 32. Ne5+ Qxe5 33. Bxe5 Nxe5 34. Qf5 g4 35. Rh4
Ng5 36. Rh5 Ngf3 37. Rxg4 Rd8 38. Rg3 Rd1+ 39. Kg2 Rg1+ 40. Kh3 Rh1+ 41. Kg2
Rg1+ 42. Kh3 Rh1+ 1/2-1/2

[Event "World Rapid Final"]
[Site "Astana KAZ"]
[Date "2012.07.07"]
[Round "8"]
[White "Kazhgaleyev, Murtas"]
[Black "Topalov, Veselin"]
[Result "1-0"]
[WhiteTitle "GM"]
[BlackTitle "GM"]
[WhiteElo "2589"]
[BlackElo "2752"]
[WhiteFideId "13700316"]
[BlackFideId "2900084"]
[EventDate "2012.07.01"]

1. d4 Nf6 2. c4 g6 3. Nc3 Bg7 4. e4 d6 5. h3 O-O 6. Bg5 c5 7. d5 e6 8. Nf3 exd5
9. cxd5 h6 10. Be3 a6 11. a4 Re8 12. Bd3 Nbd7 13. O-O Nh5 14. Re1 Qf6 15. Rc1
Nf4 16. Bf1 Ne5 17. Nxe5 Qxe5 18. Nb1 Bd7 19. Na3 Qf6 20. f3 g5 21. a5 Re7 22.
Nc4 Qg6 23. e5 Rae8 24. Nxd6 Rd8 25. Nxb7 Rb8 26. Nxc5 Bf5 27. e6 fxe6 28. d6
Rf7 29. d7 Nd5 30. Bd4 Rd8 31. g4 Bc2 32. Rxc2 Bxd4+ 33. Qxd4 Qxc2 34. Bd3 Rf4
35. Bxc2 Rxd4 36. Nxe6 1-0

[Event "World Rapid Final"]
[Site "Astana KAZ"]
[Date "2012.07.07"]
[Round "8"]
[White "Svidler, Peter"]
[Black "Grischuk, Alexander"]
[Result "1-0"]
[WhiteTitle "GM"]
[BlackTitle "GM"]
[WhiteElo "2749"]
[BlackElo "2763"]
[WhiteFideId "4102142"]
[BlackFideId "4126025"]
[EventDate "2012.07.01"]

1. Nf3 Nf6 2. c4 g6 3. g3 Bg7 4. Bg2 O-O 5. Nc3 c5 6. d4 cxd4 7. Nxd4 Qc7 8. b3
d5 9. O-O dxc4 10. Ncb5 Qd8 11. bxc4 a6 12. Nc3 Ng4 13. e3 Ne5 14. Qe2 Nbc6 15.
Rd1 Bg4 16. f3 Bd7 17. Nxc6 bxc6 18. f4 Qa5 19. fxe5 Qxc3 20. Bb2 Bg4 21. Bxc3
Bxe2 22. Rd7 Bxc4 23. Rxe7 Rac8 24. Bf1 Bxf1 25. Rxf1 Rce8 26. Rfxf7 Rxe7 27.
Rxe7 c5 28. Kg2 Rd8 29. Rc7 Bh6 30. e6 Re8 31. Rc6 Bxe3 32. Rxa6 Bd4 33. Bxd4
cxd4 34. Kf3 Kf8 35. Ke4 Rd8 36. Ra7 Ke8 37. Rxh7 Rd6 38. Ke5 1-0

[Event "World Rapid Final"]
[Site "Astana KAZ"]
[Date "2012.07.07"]
[Round "8"]
[White "Kurnosov, Igor"]
[Black "Ismagambetov, Anuar"]
[Result "1-0"]
[WhiteTitle "GM"]
[BlackTitle "GM"]
[WhiteElo "2663"]
[BlackElo "2471"]
[WhiteFideId "4142527"]
[BlackFideId "13701525"]
[EventDate "2012.07.01"]

1. c4 c5 2. Nc3 Nc6 3. Nf3 g6 4. e3 Bg7 5. d4 cxd4 6. exd4 d6 7. d5 Ne5 8. Nxe5
Bxe5 9. Bd3 Bg7 10. O-O Nf6 11. Bg5 O-O 12. Qd2 Re8 13. Rfe1 e5 14. dxe6 Bxe6
15. Rad1 Qb6 16. b3 Qa5 17. Bxf6 Bxf6 18. Nd5 Qd8 19. Nxf6+ Qxf6 20. Be4 Rab8
21. Qxd6 Rbd8 22. Qc7 Rxd1 23. Rxd1 Bg4 24. f3 Bf5 25. Qxb7 Bxe4 26. fxe4 Re7
27. Qd5 h5 28. Rf1 Qb6+ 29. c5 Qc7 30. Qd6 Qxd6 31. cxd6 Rxe4 32. Rd1 Re8 33. b4
Kf8 34. b5 Rd8 35. a4 Rb8 36. Kf2 Ke8 37. Re1+ Kd8 38. Re7 a6 39. Rxf7 Rb6 40.
Rf6 axb5 41. axb5 Rxb5 42. Rxg6 Kd7 43. Kg3 Rb4 44. Kh3 Rd4 45. Rh6 Rd5 46. g3
Rd4 47. Rxh5 Kxd6 48. Rf5 1-0

[Event "World Rapid Final"]
[Site "Astana KAZ"]
[Date "2012.07.07"]
[Round "9"]
[White "Tkachiev, Vladislav"]
[Black "Carlsen, Magnus"]
[Result "0-1"]
[WhiteTitle "GM"]
[BlackTitle "GM"]
[WhiteElo "2644"]
[BlackElo "2837"]
[WhiteFideId "618438"]
[BlackFideId "1503014"]
[EventDate "2012.07.01"]

1. Nf3 d5 2. d4 Nf6 3. c4 c6 4. e3 Bf5 5. cxd5 cxd5 6. Qb3 Qc7 7. Bd2 e6 8. Bb5+
Nbd7 9. O-O a6 10. Rc1 Qb6 11. Be2 Qxb3 12. axb3 Bd6 13. Nc3 Ke7 14. Nh4 Bg6 15.
Na4 Bh5 16. Nf3 Ne4 17. Be1 b5 18. Nc3 b4 19. Nb1 a5 20. Bb5 Rhc8 21. Nbd2 Rxc1
22. Rxc1 Nxd2 23. Nxd2 Rb8 24. Bf1 Bg6 25. f3 e5 26. Bg3 exd4 27. exd4 Nf8 28.
Kf2 Ne6 29. Ke3 f5 30. Bxd6+ Kxd6 31. f4 Bh5 32. Bd3 g6 33. Nf1 g5 34. fxg5 f4+
35. Kf2 Nxg5 36. Nd2 Ne6 37. Bxh7 Nxd4 38. Bd3 Rh8 39. Ra1 Nc6 40. Bb5 Ne5 41.
h3 Rc8 42. Be2 Rc2 43. Bxh5 Rxd2+ 44. Kf1 Rxb2 45. Bd1 Rd2 46. h4 Ke6 47. h5 Kf6
48. Be2 d4 49. Ke1 Rb2 50. Rxa5 d3 51. Bd1 Rxg2 52. Rd5 f3 53. Kf1 Rd2 0-1

[Event "World Rapid Final"]
[Site "Astana KAZ"]
[Date "2012.07.07"]
[Round "9"]
[White "Ismagambetov, Anuar"]
[Black "Gelfand, Boris"]
[Result "1-0"]
[WhiteTitle "GM"]
[BlackTitle "GM"]
[WhiteElo "2471"]
[BlackElo "2738"]
[WhiteFideId "13701525"]
[BlackFideId "2805677"]
[EventDate "2012.07.01"]

1. e4 c5 2. Nf3 d6 3. d4 cxd4 4. Nxd4 Nf6 5. Nc3 a6 6. Be2 e5 7. Nb3 Be7 8. O-O
O-O 9. Kh1 Nc6 10. f3 a5 11. Be3 a4 12. Nc1 Ra5 13. Bb5 a3 14. Nb3 axb2 15. Rb1
Ra3 16. Rxb2 Nb4 17. Nd5 Nbxd5 18. exd5 Nh5 19. c4 b6 20. Qd2 f5 21. Qf2 Rf6 22.
Bxb6 Qf8 23. g3 Rh6 24. c5 f4 25. gxf4 exf4 26. Kg1 Bh3 27. Re1 Ra8 28. Rbe2
Rg6+ 29. Kh1 Bg2+ 30. Qxg2 Rxg2 31. Rxg2 dxc5 32. Rge2 Bh4 33. Bxc5 Qf5 34. Re8+
Kf7 35. Rxa8 Qxd5 36. Be8+ Kf6 37. Ra6+ Kg5 38. Be7+ Nf6 39. Ra5 1-0

[Event "World Rapid Final"]
[Site "Astana KAZ"]
[Date "2012.07.07"]
[Round "9"]
[White "Grischuk, Alexander"]
[Black "Kurnosov, Igor"]
[Result "1/2-1/2"]
[WhiteTitle "GM"]
[BlackTitle "GM"]
[WhiteElo "2763"]
[BlackElo "2663"]
[WhiteFideId "4126025"]
[BlackFideId "4142527"]
[EventDate "2012.07.01"]

1. g3 g6 2. Bg2 d5 3. Nf3 Bg7 4. O-O e5 5. d3 Ne7 6. e4 O-O 7. exd5 Nxd5 8. Re1
Nc6 9. Nc3 Nde7 10. Rb1 a5 11. a4 Nf5 12. Nb5 Re8 13. b3 f6 14. Bb2 Be6 15. d4
Nfxd4 16. Bxd4 exd4 17. Nfxd4 Nxd4 18. Qxd4 Qxd4 19. Nxd4 Bf7 20. Bxb7 Rxe1+ 21.
Rxe1 Rd8 22. Nc6 Rd2 23. b4 axb4 24. a5 Bf8 25. Ne7+ Bxe7 26. Rxe7 Rxc2 27. a6
Ra2 28. Rxc7 b3 29. Rc5 b2 30. Rb5 Bc4 31. Rb4 Ra1+ 32. Kg2 b1=Q 33. Rxb1 Rxb1
34. a7 Bf1+ 35. Kf3 Rb3+ 36. Kf4 Rb4+ 37. Ke3 Ra4 38. a8=Q+ Rxa8 39. Bxa8 Kg7 1/2-1/2

[Event "World Rapid Final"]
[Site "Astana KAZ"]
[Date "2012.07.07"]
[Round "9"]
[White "Topalov, Veselin"]
[Black "Svidler, Peter"]
[Result "1-0"]
[WhiteTitle "GM"]
[BlackTitle "GM"]
[WhiteElo "2752"]
[BlackElo "2749"]
[WhiteFideId "2900084"]
[BlackFideId "4102142"]
[EventDate "2012.07.01"]

1. e4 e5 2. Nf3 Nc6 3. Bb5 a6 4. Ba4 Nf6 5. O-O Be7 6. Re1 b5 7. Bb3 O-O 8. h3
Bb7 9. d3 d5 10. exd5 Nxd5 11. Nbd2 Nf4 12. Ne4 Na5 13. Bxf4 Nxb3 14. axb3 exf4
15. d4 Re8 16. Qd3 f5 17. Nc5 Bxc5 18. Rxe8+ Qxe8 19. dxc5 Qg6 20. Re1 Rf8 21.
Re7 Be4 22. Qd1 c6 23. b4 Bd5 24. c3 h6 25. Kh2 Rf7 26. Rxf7 Qxf7 27. Ne5 Qe7
28. Qd4 Qg5 29. Nf3 Bxf3 30. gxf3 Qh4 31. b3 Kh7 32. c4 Kg8 33. Kg2 Qg5+ 34. Kf1
Qh5 35. Qd8+ Kh7 36. Ke2 Qf7 37. Qd4 Qe7+ 38. Kf1 g5 39. Qd6 Qe8 40. Kg2 Kg7 41.
Qc7+ Kg6 42. Qd6+ Kg7 43. h4 Qc8 44. Qe7+ Kg6 45. h5+ Kxh5 46. Qf7+ Kh4 47. Qg6
Qh8 48. Qxc6 g4 49. Qd6 Kg5 50. c6 Qe8 51. Qd5 gxf3+ 52. Qxf3 Qe7 53. Qd5 Kg4
54. Kh2 Qc7 55. Qd7 Qe5 56. Qd5 Qc7 57. Qg2+ Kh4 58. Qf3 Kg5 59. Kg2 h5 60. Qd5
Kg4 61. c5 h4 62. Qf3+ Kg5 63. Kh3 Kf6 64. Qd5 Kg5 65. Qg8+ Kf6 66. Qd5 Kg5 67.
Qe6 Qg7 68. f3 Qa1 69. Qe7+ Kg6 70. Qe8+ Kg7 71. Qe7+ Kg6 72. Qe8+ Kg7 73. Kxh4
Qf6+ 74. Kh3 Qa1 75. Qd7+ Kf6 76. Qd6+ Kg5 77. Qe7+ Kg6 78. Qe6+ Kg5 79. Qg8+
Kh5 80. Qg2 Qf6 81. Qg8 Qxc6 82. Qh7+ Kg5 83. Qh4+ Kg6 84. Qxf4 Qe8 85. Qd6+ Kg5
86. Qd2+ Kf6 87. Qd4+ Kg5 88. f4+ Kh5 89. Qe5 Qd7 90. Qe2+ Kg6 91. Qg2+ Kf7 92.
Kh4 Qd8+ 93. Qg5 Qd3 94. Qh5+ Kg7 95. Qg5+ Kf7 96. Qh5+ Kg7 97. Qe8 Qxb3 98.
Qe7+ Kg8 99. c6 Qc4 100. Qe8+ Kg7 101. Kg5 1-0